Miasta na literę W w mazowszu - Statystyki

Ogólne statystyki
  • Ten quiz został rozwiązany 28 razy
  • Średni wynik to 4 z 8
Statystyki odpowiedzi
Populacja miasta Miasto % Poprawnych
1 861 975 Warszawa
100%
35 821 Wolomin
85%
26 132 Wyszków
69%
11 958 Warka
46%
11 839 Węgrów
42%
877 Wyśmierzyce
31%
2423 Wyszogród
31%
1421 Wiskitki
27%
Nie znaleziono quizów pasujących do podanych kryteriów
Rozkład punktacji
Procent ludzi z każdym wynikiem
Percentyl według liczby udzielonych odpowiedzi
Twoja historia wyników
Nie rozwiązałeś tego quizu